000 00883nam a22002657a 4500
003 DO-SdBNP
005 20171124111144.0
008 171122b 2006 sp ||||| |||| 00| 0 spa d
020 _a9706862064
040 _aBPMSU
_bspa
_cBPMSU
092 _axxxx
_bxxxx
100 1 _aMiller, Tyler George
240 1 0 _aSustaining the earth.
_lEspapañol
245 1 0 _aCiencia ambiental :
_bpreservemos la tierra /
_cG. Tyler Miller ; rev. téc. Mario Yarto ; tr. Santiago Díaz-H. Sepúlveda.
250 _a5a ed.
260 _aMéxico :
_bThomson,
_c2006.
300 _axii, 456 p. :
_b il. ;
_c28 cm.
490 1 _aCiencias e ingenierías.
700 1 2 _a Díaz-H. Sepúlveda, Santiago
_etr.
700 1 2 _aYarto, Mario
_erev. tec.
830 0 _aCiencias e ingenierías.
942 _2ddc
_cBK
945 _aInventario / 2017 LP
956 _aLOPEREZ
_b10
_c20171122
_h0041
_iBPMSU
999 _c13030
_d13030